000 00365nam a22001337a 4500
082 _a823
_bPAI/G
100 _aPAI, ANANT
245 _aTHE GREAT EMPORERS- AMARCHITRAKATHA
246 _aTHE GREAT EMPORERS- AMARCHITRAKATHA
_bTHE GREAT EMPORERS- AMARCHITRAKATHA
260 _aMUMBAI
_bAMARCHITRA KATHA
_c2018
300 _a32
650 _aENGLISH STORIES
942 _cBK
999 _c8962
_d8962